| 000 | 01113nam a2200229Ia 4500 | ||
|---|---|---|---|
| 001 | L530-25984 | ||
| 003 | IT-CnALBA | ||
| 008 | 170116s9999||||xx |||||||||||||| ||und|| | ||
| 040 |
_aIT-CnALBA _cIT-CnALBA |
||
| 041 | _aITALIANO | ||
| 100 | _aCALDIROLA P. | ||
| 245 | 0 | _aELEMENTI DI FISICA. VOL. I. PER I LICEI CLASSICI. | |
| 250 | _a2a ed. | ||
| 260 |
_aMILANO _bGHISETTI E CORVI CASA EDITRICE _c1960 [1° Ed.: n.d.] |
||
| 300 | _a295 p. | ||
| 500 | _aCINEMATICA STATICA. DINAMICA. GRAVITAZIONE UNIVERSALE. MECCANICA DEI CORPI DEFORMABILI. ELASTICITA'. MECCANICA DEI FLUIDI. VIBRAZIONI ONDE ELASTICHE. ACUSTICA. OTTICA. OTTICA ONDULATORIA. SPETTROSCOPIA. INDICE DELLE TAVOLE. | ||
| 501 | _aSocietà San Paolo EM - Piazza San Paolo, 14 - 12051 ALBA (CN) (non commercial uses only) ® Copyright 2017 | ||
| 520 | _aCINEMATICA STATICA. DINAMICA. GRAVITAZIONE UNIVERSALE. MECCANICA DEI CORPI DEFORMABILI. ELASTICITA'. MECCANICA DEI FLUIDI. VIBRAZIONI ONDE ELASTICHE. ACUSTICA. OTTICA. OTTICA ONDULATORIA. SPETTROSCOPIA. INDICE DELLE TAVOLE. | ||
| 650 | _aFISICA | ||
| 942 | _cBK | ||
| 957 | _71 | ||
| 999 |
_a30771 _bNO _g Copie: 1 _c285097 _d285097 |
||